Żużel: Indywidualni mistrzowie świata cyklu SGP - Statystyki

Ogólne statystyki
  • Ten quiz został rozwiązany 311 razy
  • Średni wynik to 25 z 31
Statystyki odpowiedzi
Hint Odpowiedź % Poprawnych
2019 Bartosz Zmarzlik
100%
2020 Bartosz Zmarzlik
100%
2022 Bartosz Zmarzlik
100%
2023 Bartosz Zmarzlik
100%
2024 Bartosz Zmarzlik
100%
2025 Bartosz Zmarzlik
100%
2021 Artiom Łaguta
92%
2010 Tomasz Gollob
92%
2013 Tai Woffinden
87%
2015 Tai Woffinden
87%
2018 Tai Woffinden
87%
2003 Nicki Pedersen
84%
2007 Nicki Pedersen
84%
2008 Nicki Pedersen
84%
2017 Jason Doyle
79%
2012 Chris Holder
78%
1997 Greg Hancock
78%
2011 Greg Hancock
78%
2014 Greg Hancock
78%
2016 Greg Hancock
78%
1998 Tony Rickardsson
77%
1999 Tony Rickardsson
77%
2001 Tony Rickardsson
77%
2002 Tony Rickardsson
77%
2005 Tony Rickardsson
77%
2004 Jason Crump
66%
2006 Jason Crump
66%
2009 Jason Crump
66%
1995 Hans Nielsen
49%
1996 Billy Hamill
37%
2000 Mark Loram
37%
Nie znaleziono quizów pasujących do podanych kryteriów
Rozkład punktacji
Procent ludzi z każdym wynikiem
Percentyl według liczby udzielonych odpowiedzi
Twoja historia wyników
Nie rozwiązałeś tego quizu